| 000 | 00000nam 2200000zi 4500 |
| 001 | 9.932279 |
| 003 | CaOODSP |
| 005 | 20250408135145 |
| 006 | m o d f |
| 007 | cr bn||||||||| |
| 008 | 240110t20242024onc oz f000 0 fre d |
| 020 | |a9780660695716 |
| 040 | |aCaOODSP|bfre|erda|cCaOODSP |
| 041 | 0 |aeng|afre |
| 043 | |an-cn---|aw------ |
| 086 | 1 |aFR4-2023/11-PDF |
| 130 | 0 |aAccord international de 2006 sur les bois tropicaux |d(2006 janvier 27) |
| 245 | 10|aTropical timber - International Tropical Timber Agreement, 2006 = |bBois tropicaux - Accord international de 2006 sur les bois tropicaux. |
| 246 | 31|aBois tropicaux - Accord international de 2006 sur les bois tropicaux |
| 264 | 1|a[Ottawa] : |bTreaty Law Division of the Department of Foreign Affairs, Trade and Development = Direction du droit des traités du Ministère des affaires étrangères, du commerce et du développement, |c[2024] |
| 264 | 4|a©2024 |
| 300 | |a1 ressource en ligne (31, 31 pages). |
| 336 | |atexte|btxt|2rdacontent/fre |
| 337 | |ainformatique|bc|2rdamedia/fre |
| 338 | |aressource en ligne|bcr|2rdacarrier/fre |
| 490 | 1 |aTreaty series = |aRecueil des traités ; |v2023/11 |
| 500 | |a« Adoptés à Genève le 27 janvier 2006. Deuxième entrée en vigueur pour le Canada le 22 novembre 2023. » |
| 500 | |aNumérotation répétée sur les pages suppléants. |
| 500 | |aLe fichier de publication en format PDF a été remplacé le 8 avril 2025 à la requête d'Affaires mondiales Canada. |
| 546 | |aTexte en anglais et en français. |
| 650 | 6|aForêts|xDroit|zCanada|vLégislation. |
| 650 | 6|aForêts|xDroit|zRégions tropicales|vLégislation. |
| 650 | 6|aForêts|xDroit|vLégislation. |
| 650 | 6|aForesterie durable|zRégions tropicales. |
| 651 | 6|aCanada|xRelations extérieures|vTraités. |
| 655 | 7|aTraiteĢs.|2rvmgf |
| 710 | 1 |aCanada. |bAffaires mondiales Canada. |bDirection du droit des traités, |eorganisme de publication. |
| 710 | 1 |aCanada, |eparticipant à un traité. |
| 788 | |tTropical timber - International Tropical Timber Agreement, 2006 = |eeng|w(CaOODSP)9.932278 |
| 830 | #0|aCanada treaty series ;|v2023/11.|w(CaOODSP)9.811738 |
| 856 | 40|qPDF|s2.75 Mo|uhttps://publications.gc.ca/collections/collection_2024/amc-gac/FR4-2023-11.pdf |